| 000 | 00514nam a2200181Ia 4500 | ||
|---|---|---|---|
| 005 | 20250326123919.0 | ||
| 008 | 250326s9999 xx 000 0 und d | ||
| 037 | _aTextbook | ||
| 040 |
_aFMSL _beng _cFMSL |
||
| 041 |
_aeng _2eng |
||
| 084 |
_aSNI L9;5 _qFMSL |
||
| 100 | _aSummerton O | ||
| 245 | 0 |
_aTransactional analysis: interducation to basic concepts _cSummerton O |
|
| 260 |
_aNew Delhi _bNew Delhi, Manohar _c1979 |
||
| 300 | _a118p | ||
| 942 |
_cTB _hSNI L9;5 |
||
| 999 |
_c1271445 _d1271445 |
||